Contratos relacionales y defensa del consumidor (Registro nro. 131)
[ vista simple ]
| 000 -LEADER | |
|---|---|
| fixed length control field | 01143 a2200241 4500 |
| 001 - CONTROL NUMBER | |
| control field | 170 |
| 005 - DATE AND TIME OF LATEST TRANSACTION | |
| control field | 20260407155414.0 |
| 008 - FIXED-LENGTH DATA ELEMENTS--GENERAL INFORMATION | |
| fixed length control field | 260407a2006 arg spa d |
| 003 - CONTROL NUMBER IDENTIFIER | |
| control field | AR-UNSa-BCEJYS |
| 040 ## - CATALOGING SOURCE | |
| Original cataloging agency | AR-UNSa-BCEJYS |
| Language of cataloging | spa |
| Transcribing agency | AR-UNSa-BCEJYS |
| 080 ## - UNIVERSAL DECIMAL CLASSIFICATION NUMBER | |
| Universal Decimal Classification number | 347.45 |
| Common auxiliary subdivision | Contratos particulares |
| 020 ## - INTERNATIONAL STANDARD BOOK NUMBER | |
| International Standard Book Number | 978-987-03-0888-1 |
| 041 ## - LANGUAGE CODE | |
| Language code of text/sound track or separate title | spa |
| 100 1# - MAIN ENTRY--PERSONAL NAME | |
| Personal name | Porto Macedo, Ronaldo |
| 245 10 - TITLE STATEMENT | |
| Title | Contratos relacionales y defensa del consumidor |
| 250 ## - EDITION STATEMENT | |
| Edition statement | 1a. ed |
| 264 #1 - PRODUCTION, PUBLICATION, DISTRIBUTION, MANUFACTURE, AND COPYRIGHT NOTICE | |
| Place of production, publication, distribution, manufacture | Buenos Aires : |
| Name of producer, publisher, distributor, manufacturer | Universidad de Buenos Aires. Facultad de Derecho |
| Date of production, publication, distribution, manufacture, or copyright notice | 2006 |
| 300 ## - PHYSICAL DESCRIPTION | |
| Extent | xxix, 245 p. |
| Dimensions | 24 cm |
| 505 ## - FORMATTED CONTENTS NOTE | |
| Formatted contents note | 1. Mercado, Welfarismo y racionalidad jurídica - 2. Contratos en un orden normativo - 3. Mercado de intercambio y forma contractual -4. Elementos para un teoría constractual relacional, contratos discontinuos y contratos relacionales -5. El contexto actual de la protección contractual del consumidor - 6. Previsión privada |
| 590 ## - LOCAL NOTE (RLIN) | |
| Local note | niveau_biblio:m niveau_hierar:0 |
| 856 41 - ELECTRONIC LOCATION AND ACCESS | |
| Uniform Resource Identifier | <a href="https://biblioeco.unsa.edu.ar/pmb/images/libros/Contratos Relacionales y Defensa del Consumidor-l117419.jpg">https://biblioeco.unsa.edu.ar/pmb/images/libros/Contratos Relacionales y Defensa del Consumidor-l117419.jpg</a> |
| Link text | Imagen de portada |
| Electronic format type | image/jpeg |
| 942 ## - ADDED ENTRY ELEMENTS (KOHA) | |
| Koha item type | |
| Withdrawn status | Lost status | Damaged status | Not for loan | Home library | Current library | Shelving location | Date acquired | Total checkouts | Full call number | Barcode | Date last seen | Price effective from | Koha item type |
|---|---|---|---|---|---|---|---|---|---|---|---|---|---|
| Biblioteca Prof. Eusebio Cleto del Rey | Biblioteca Prof. Eusebio Cleto del Rey | 07/04/2026 | 347.45 P853 | L117419 | 07/04/2026 | 07/04/2026 | Libro |